000 00820nam a2200277Ia 4500
003 OSt
005 20220925200026.0
006 a|||||r|||| 00| 0
007 ta
008 220923b |||||||| |||| 00| 0 eng d
020 _a0813310059
037 _cGeneral Book
040 _aRTL
_cRTL
_beng
041 _2eng
_aeng
082 _aY:6, N7
100 _aChase-dunn Christopher
_923065
245 0 _aRise and demise
_b Comapring world-system
260 _aColorado
_bWestview Press
_c1997
300 _axi,322p
_ccm.
490 _aNew Persepctives in Sociology
500 _aBibliography: p 276-306; Glossary: p 271-275
650 _aSocial Change
700 _a Hall Thomas D
_9256312
942 _hY:6, N7
_cGB
_2CC
999 _c535120
_d535120